Laboratory manual of plant biotechnology (Record no. 40921)

MARC details
000 -LEADER
fixed length control field 00415nam a2200145Ia 4500
082 ## - DEWEY DECIMAL CLASSIFICATION NUMBER
Classification number 573.6(035)
Item number PUR
100 ## - MAIN ENTRY--AUTHOR NAME
Personal name Purohit, S S
245 #0 - TITLE STATEMENT
Title Laboratory manual of plant biotechnology
260 ## - PUBLICATION, DISTRIBUTION, ETC. (IMPRINT)
Place of publication Bikaner
Name of publisher Agro Botanical Publishers (India)
Year of publication 1995
650 ## - SUBJECT ADDED ENTRY--TOPICAL TERM
Topical Term Genetic transformation
650 ## - SUBJECT ADDED ENTRY--TOPICAL TERM
Topical Term Protoplast culture
650 ## - SUBJECT ADDED ENTRY--TOPICAL TERM
Topical Term Tissue culture
942 ## - ADDED ENTRY ELEMENTS (KOHA)
Koha item type Books
Holdings
Withdrawn status Lost status Damaged status Not for loan Home library Current library Date acquired Cost, normal purchase price Full call number Accession Number Koha item type
        RRII Library RRII Library 16/12/2021 350.00 573.6(035) PUR 21214 Books